Vasemmalla ajavat valtiot - Äkkikuolema - Statistics

Yleistilastot
  • Tätä visaa on pelattu 474 kertaa
  • Keskiarvotulos 16 / 20
Answers on the Grid
Answers color-coded by a green-red scale on the quiz's grid according to % correct below.
Australia
Bahama
Bangladesh
Espanja
Etelä-Afrikka
Fidži
Guyana
Indonesia
Intia
Irlanti
Italia
Japani
Kanada
Kenia
Kiina
Kolumbia
Malesia
Marshallinsaaret
Meksiko
Namibia
Pakistan
Ranska
Saksa
Singapore
Sri Lanka
Tansania
Thaimaa
Turkki
Uusi-Seelanti
Venäjä
Yhdistynyt kuningaskunta
Yhdysvallat
 
Vastaustilastot
Vastaus % Oikein
Australia
94%
Yhdistynyt kuningaskunta
94%
Uusi-Seelanti
90%
Intia
86%
Singapore
85%
Sri Lanka
85%
Bangladesh
84%
Etelä-Afrikka
84%
Indonesia
84%
Malesia
84%
Irlanti
83%
Fidži
81%
Bahama
80%
Pakistan
80%
Tansania
78%
Namibia
77%
Thaimaa
76%
Guyana
75%
Japani
73%
Kenia
73%
Ehtoja vastaavia visoja ei löytynyt
Tulosjakauma
Jokaisen tuloksen saaneiden osuus
Persentiili vastausten määrän mukaan
Tuloshistoriasi
Et ole pelannut tätä visaa